000
00317nam a22001457a 4500
008
221004b ||||| |||| 00| 0 eng d
020
_a
9780887308512
041
_a
eng
080
_a
331
082
_a
331 SPO
100
_a
23.1
101
_a
MAKRO
245
_a
ICE TO THE ESKIMOS
_c
SPOELSTRA J
942
_2
udc
_c
BK
999
_c
58335
_d
58335